| 000 | 00560nam a22001817a 4500 | ||
|---|---|---|---|
| 999 |
_c15104 _d15104 |
||
| 003 | AR-CdUCM | ||
| 008 | 190425b ||||| |||| 00| 0 spa d | ||
| 040 |
_aMUNICIPALIDAD PROVINCIAL DEL CUSCO _cBIBLIOTECA MUNICIPAL DEL CUSCO |
||
| 082 |
_aEP / 372.64 / _bB29 |
||
| 100 |
_aSerafino, Angelino _934129 |
||
| 245 | _aEl gallo peleón / | ||
| 260 |
_aBarcelona : _bEdit. valles, _c1969. |
||
| 300 |
_a17 paginas ; _bIlustraciones, _c25 cm. |
||
| 650 |
_aTexto educativo _925832 |
||
| 650 |
_aInfantil _96210 |
||
| 942 |
_2ddc _cLIBROS |
||
| 945 |
_arjall _d2019-04-25 |
||